| 000 | 01008 a2200157 4500 | ||
|---|---|---|---|
| 020 | _a0042970423 (paperback) | ||
| 020 | _a9780042970424 (paperback) | ||
| 090 |
_c4997 _d4997 |
||
| 100 | 1 | _aLings, Martin. | |
| 245 | 1 | 0 |
_aMuhammad : _bhis life based on the earliest sources / _cMartin Lings. |
| 260 |
_a[S.l.] : _bHarperCollins Publishers Ltd, _c1983. |
||
| 300 | _a367 p. | ||
| 520 | _aIn his smooth, narrative style, Martin Lings presents a biography of Muhammad, using sources from the eighth and ninth centuries, including some passages never before translated. Here are the words of the men and women who heard the Prophet speak. This is the first paperback edition of this important work, which sold 7,500 copies in the cloth edition. The Muslim population of the U.S. is on a strong growth curve. It is estimated that there are now between 4 and 7 million Muslims in the U.S. | ||
| 856 | 4 | 0 |
_3Amazon.com _uhttp://www.amazon.com/exec/obidos/ASIN/0042970423/chopaconline-20 |
| 942 |
_aNBS _cBK _k297.63 LIN |
||
| 999 |
_c347423 _d347423 |
||